Statistics for Gemma Arterton Filmography

Click here to take the quiz!

General Stats

  • This quiz has been taken 14 times
    (4 since last reset)
  • The average score is 4 of 73

Answer Stats

TypeYearName% Correct
Film2010Prince of Persia: The Sands of Time
75%
Film2008Quantum of Solace
50%
Film2007St Trinian's
50%
Film2012Byzantium
25%
Film2013Hansel & Gretel: Witch Hunters
25%
Theater2014-2015Made in Dagenham
25%
Film2008RocknRolla
25%
TV Special2016Sport Relief 2016
25%
Film2009St Trinian's 2: The Legend of Fritton's Gold
25%
Film2010Tamara Drewe
25%
Film2023The Critic
25%
Film2021The King's Man
25%
Film2016100 Streets
0%
Short Film2011Astonish Me
0%
Film2010A Turtle's Tale: Sammy's Adventures
0%
Commercial2008Avon
0%
TV Mini-Series2020Black Narcissus
0%
Film2024Buffalo Kids
0%
TV Film2007Capturing Mary
0%
Film2010Clash of the Titans
0%
Short Film2019Comic Relief: Mamma Mia! Here We Go Yet Again
0%
Web Series2023Culprits
0%
TV Show2023Funny Woman
0%
Film2014Gemma Bovery
0%
Short Film2020Hayley Alien
0%
Film2019How to Build a Girl
0%
TV Show2014Inside No. 9
0%
Short Film2012It's Getting Late
0%
Short Film2018It's Me, Sugar
0%
Music Video2016Kerala
0%
Film2020Kingsman: The Great Game
0%
TV Short2018Leading Lady Parts
0%
TV Mini-Series2008Lost in Austen
0%
Theater2007Love's Labour's Lost
0%
Short Film2019Master Moley
0%
TV Show2021-PresentMoley
0%
Film2019Murder Mystery
0%
Film2019My Zoe
0%
Theater2016Nell Gwynn
0%
Film2016Orphan
0%
Short Film2009Perfect
0%
Music Video2021Remember Where You Are
0%
Film2022Rogue Agent
0%
Film2013Runner Runner
0%
Theater2016-2017Saint Joan
0%
TV Show2016Some Mothers Do 'Ave 'Em
0%
Film2012Song for Marion
0%
Film2019StarDog and TurboCat
0%
Film2020Summerland
0%
TV Mini-Series2008Tess of the D'Urbervilles
0%
Film2022The Amazing Maurice
0%
Film2021The Amazing Maurice
0%
Film2009The Boat That Rocked
0%
Short Film2016The Complete Walk: Love's Labour's Lost
0%
Short Film2022The Cunning
0%
Film2009The Disappearance of Alice Creed
0%
Theater2014The Duchess of Malfi
0%
Film2017The Escape
0%
Film2016The Girl with All the Gifts
0%
Film2016The History of Love
0%
Film2016Their Finest
0%
Theater2010The Little Dog Laughed
0%
Theater2010-2011The Master Builder
0%
Award Show2014The Olivier Awards 2014
0%
Film2014The Voices
0%
Film2008Three and Out
0%
TV Show2020Unprecedented: Real Time Theatre from a State of Isolation
0%
TV Show2018Urban Myths
0%
Film2018Vita and Virginia
0%
Theater2021Walden
0%
Film2021Walden
0%
FilmTBAWatch the Skies
0%
TV Mini-Series2018Watership Down
0%

Score Distribution

Percentile by Number Answered

Percent of People with Each Score

Your Score History

You have not taken this quiz since the last reset